000
00316nam a2200145Ia 4500
100
_a
Titterton/George F
942
_c
BK
654
_a
Aircraft
245
_a
Aircraft Materials & processes
260
_b
Pitman &sons
_a
Newyork
_c
1951
082
_a
621.13
_b
TIT
300
_a
359
546
_a
ENGLISH
999
_c
26166
_d
26166